000 00630nam a2200205Ii 4500
003 JO-AjNU
008 230605s9999||||xx |||||||||||||| ||und||
040 _aJO-AjNU
_bara
_erda
_cJO-AjNU
041 _aara
050 1 4 _aPJ7814.M566.Z72 1987
100 3 _aتأليف العقاد، عامر,
_eauthor
_936019
245 0 0 _aأحمد أمين: حياته وأدبه
250 _aط2
264 3 1 _aبيروت:دار الجيل،1987
300 _a166ص
336 _atext
_btxt
_2rdacontent
337 _aunmediated
_bn
_2rdamedia
338 _avolume
_bnc
_2rdacarrier
650 4 _aالأدب العربي - تراجم
_936020
999 _aA14927
_c18495
_d18495